Мовленнєві табу в сучасному суспільстві. (Запис № 282617)
[ простий вигляд ]
| 000 -LEADER | |
|---|---|
| fixed length control field | 01066nam a22001577a 4500 |
| 041 ## - LANGUAGE CODE | |
| Language code of text/sound track or separate title | ukr |
| 080 ## - UNIVERSAL DECIMAL CLASSIFICATION NUMBER | |
| Universal Decimal Classification number | 09 |
| 090 ## - LOCALLY ASSIGNED LC-TYPE CALL NUMBER (OCLC); LOCAL CALL NUMBER (OCLC) | |
| Local cutter number (OCLC) ; Book number/undivided call number, CALL (RLIN) | ЧЕР |
| 100 ## - MAIN ENTRY--PERSONAL NAME | |
| Personal name | Черуха І. А. |
| 245 ## - TITLE STATEMENT | |
| Title | Мовленнєві табу в сучасному суспільстві. |
| 260 ## - PUBLICATION, DISTRIBUTION, ETC. (IMPRINT) | |
| Place of publication, distribution, etc | Острог |
| Name of publisher, distributor, etc | КАФ |
| Date of publication, distribution, etc | 2004 |
| 300 ## - PHYSICAL DESCRIPTION | |
| Extent | 46 |
| 520 ## - SUMMARY, ETC. | |
| Summary, etc | Розділ 1. Ненормативний склад мови.<br/>1.1. Поняття "табу" в мовленні.<br/>1.2. Класифікація мовленнєвих табу.<br/>1.2.1. Професіоналізми.<br/>1.2.2. Арго.<br/>1.2.3. Жаргон і сленг.<br/>1.2.4. Інтержаргон і вульгаризми.<br/>Розділ 2. Особливості молодіжної мови та тенденції її розвитку.<br/>2.1. Виникнення соціолектів.<br/>2.2. Зміни в мовленні молоді.<br/>2.3. Шкільний та молодіжний сленг.<br/>2.4. Лайлива мова молоді. |
| -- | Табу, ненормативність. |
| 650 ## - SUBJECT ADDED ENTRY--TOPICAL TERM | |
| Topical term or geographic name as entry element | Research Papers |
| 942 ## - ADDED ENTRY ELEMENTS (KOHA) | |
| Koha item type | Книги |
| Withdrawn status | Lost status | Source of classification or shelving scheme | Damaged status | Not for loan | Home library | Current library | Date acquired | Source of acquisition | Coded location qualifier | Cost, normal purchase price | Total Checkouts | Full call number | Barcode | Date last seen | Price effective from | Koha item type |
|---|---|---|---|---|---|---|---|---|---|---|---|---|---|---|---|---|
| Universal Decimal Classification | ВІЛ - Відділ іноземн. літератури НБ | ВІЛ - Відділ іноземн. літератури НБ | 08/08/2005 | Акт | В12 | 1.00 | 09 | 210179 | 15/12/2021 | 16/12/2004 | Книги |